000 00265nam a22000977a 4500
999 _c10960
_d10960
008 180702b ||||| |||| 00| 0 eng d
020 _a31900139616
100 _aVerlag, Max Hueber
_96762
245 _aLernziel Deutsch
_bDeutsch als fremdsprache
260 _aGerman
_c1998